[Event "BCF-ch PM U2050 op"]
[Site "Hull"]
[Date "2024.07.31"]
[Round "3"]
[White "Leigh, Dominic"]
[Black "Atkinson, John W"]
[Result "1/2-1/2"]
[WhiteElo "1777"]
[BlackElo "1968"]
[PlyCount "93"]
[EventDate "2024.07.29"]
[EventType "swiss"]
[EventRounds "6"]
[EventCountry "ENG"]
[SourceTitle "CBM 221 Extra"]
[Source "ChessBase"]
[SourceDate "2024.09.30"]
[SourceVersion "1"]
[SourceVersionDate "2024.09.30"]
[SourceQuality "1"]

1. d4 e6 2. c4 f5 3. g3 Nf6 4. Bg2 Be7 5. Nf3 0-0 6. 0-0 d6 7. Nc3 Ne4 8. Nxe4 fxe4 9. Ne1 d5 10. Be3 Bg5 11. Qd2 Bxe3 12. Qxe3 Nc6 13. Rc1 Ne7 14. cxd5 exd5 15. Qb3 Kh8 16. f3 Bf5 17. Qxb7 c6 18. Qb4 Rb8 19. Qc3 Qb6 20. b3 a5 21. Qc5 Qc7 22. fxe4 dxe4 23. d5 Rfd8 24. dxc6 Rd5 25. Qe3 Re5 26. Qd4 Rd8 27. Qf2 h6 28. e3 Rd6 29. Qb2 Ree6 30. Nc2 Rxc6 31. Nd4 Qe5 32. Qa3 Rxc1 33. Rxc1 Rd6 34. Rc5 Qf6 35. Qa4 Bd7 36. Qc4 Nc6 37. Rd5 Rxd5 38. Qxd5 Nxd4 39. Qxd4 Bc6 40. Qxf6 gxf6 41. Kf2 f5 42. Bh3 Bd7 43. a3 Kg7 44. Ke1 Kf6 45. Kd2 Ke5 46. Kc3 Bb5 47. Bg2 1/2-1/2

[Event "BCF-ch PM U2050 op"]
[Site "Hull"]
[Date "2024.07.29"]
[Round "1"]
[White "Freeman, Luke"]
[Black "Atkinson, John W"]
[Result "1/2-1/2"]
[WhiteElo "1750"]
[BlackElo "1968"]
[PlyCount "56"]
[EventDate "2024.07.29"]
[EventType "swiss"]
[EventRounds "6"]
[EventCountry "ENG"]
[SourceTitle "CBM 221 Extra"]
[Source "ChessBase"]
[SourceDate "2024.09.30"]
[SourceVersion "1"]
[SourceVersionDate "2024.09.30"]
[SourceQuality "1"]

1. e4 e6 2. d4 d5 3. exd5 exd5 4. Bd3 Nf6 5. Nf3 c5 6. c3 Nc6 7. 0-0 Be7 8. dxc5 Bxc5 9. b4 Be7 10. Bf4 a6 11. a3 0-0 12. Nbd2 Bg4 13. Qc2 h6 14. h3 Be6 15. Nb3 Nh5 16. Bh2 Bd6 17. Bxd6 Qxd6 18. Nbd4 Nxd4 19. Nxd4 Rac8 20. Rfe1 Nf4 21. Bf5 Kh8 22. Re3 Qc7 23. Rc1 Rfe8 24. Rf3 Qe5 25. Re3 Bxf5 26. Nxf5 Qf6 27. Rce1 Rxe3 28. Rxe3 Ng6 1/2-1/2